000 00954nas a2200301 4500
001 BR0503299
003 BR-BrBNA
005 20231205105454.0
007 ta
008 230509b bl.|||p| |||| 00| 00por d
040 _aBR-BrBNA
_bpor
_cBiblioteca Nacional de Agricultura
041 _a(Pt)
072 _aF08; F04
100 1 _aCastro, C.M. de
100 1 _aAlmeida, D.L. de
100 1 _aRibeiro, R. de L.D.
100 1 _aCarvalho, J.F. de
245 1 _aPlantio direto, adubação verde e suplementação com esterco de aves na produção orgânica de berinjela
650 _aBERINJELA
650 _aPLANTIO DIRETO
650 _aADUBAÇÃO VERDE
650 _aESTERCO
650 _aCONSORCIAÇÃO DE CULTURA
650 _aAGRICULTURA ORGÂNICA
773 0 _tPesquisa Agropecuária Brasileira (Brazil)
_xISSN 0100-204X
_g(May 2005), v. 40(5) p. 495-502
_wBR0503299
909 _a202311
_bLúcia
_c55
_dLúcia Elande
942 _2AGRIS
_n0
_cANA
999 _c183146
_d183146